Normal view
MARC view
Entry Topical Term
001 - CONTROL NUMBER
- control field: 11120
003 - CONTROL NUMBER IDENTIFIER
- control field: ARRUPE
005 - DATE AND TIME OF LATEST TRANSACTION
- control field: 20140908142808.0
008 - FIXED-LENGTH DATA ELEMENTS
- fixed length control field: 140908|| aca||aabn | a|a d
040 ## - CATALOGING SOURCE
- Original cataloging agency: ARRUPE
- Transcribing agency: ARRUPE
150 ## - HEADING--TOPICAL TERM
- Topical term or geographic name as entry element: Philosophy
- General subdivision: Quotations, maxims, etc.
670 ## - SOURCE DATA FOUND
- Source citation: Work cat.: (ARRUPE)0: Descartes, René, 1596-1650. 4894, Descartes dictionary., [1971]